Most Populated Cities in Hainan Province by Picture - Statistics

General Stats
  • This quiz has been taken 5 times
  • The average score is 4 of 9
Answer Stats
Picture Answer % Correct
Haikou
100%
Sanya
100%
Danzhou
75%
Dongfang
50%
Wenchang
50%
Qionghai
25%
Wanning
25%
Chengmai
0%
Lingao
0%
No matching quizzes found
Score Distribution
Percent of People with Each Score
Percentile by Number Answered
Your Score History
You have not taken this quiz